| 000 | 00725nam a2200217 a 4500 | ||
|---|---|---|---|
| 999 |
_c4818 _d4818 |
||
| 001 | 4818 | ||
| 003 | BD-JhCC | ||
| 005 | 20171209163623.0 | ||
| 008 | 171203s1990 bg a|||| ||a| 000 0 ben d | ||
| 035 | _a(BD-JhCC)4818 | ||
| 040 |
_aBD-JhCC _dBD-JhCC |
||
| 041 | _aben | ||
| 082 |
_a891.4409 _bRAB 1990 |
||
| 245 |
_aরবীন্দ্রনাথ ও শিলাইদহ / _cআবুল আহসান চৌধুরী (সংকলন ও সম্পাদনা) |
||
| 260 |
_aঢাকা : _bবাংলা একাডেমী, _c1990. |
||
| 300 |
_a126 p. : _c20 cm. |
||
| 650 | _aCollection of Essays | ||
| 700 | _aচৌধুরী, আবুল আহসান | ||
| 942 |
_2ddc _cBK |
||